MARC

LEADER 00000nam0a2200000 4500
001 251956
005 20231101232714.0
010 |a 537600127X 
020 |a RU  |b 89-34644 
035 |a (RuTPU)RU\TPU\book\274271 
090 |a 251956 
100 |a 20140226d1989 k y0rusy5003 ca 
101 0 |a rus 
102 |a MD 
105 |a y z 001zy 
200 1 |a Информатика, кибернетика, интеллект  |e философские очерки  |f В. Г. Пушкин, А. Д. Урсул  |g Академия наук Молдавской ССР (АН МССР), Отдел философии и права 
210 |a Кишинев  |c Штиинца  |d 1989 
215 |a 295 с. 
300 |a Рез.: англ. 
320 |a Библиогр. в примеч.: с. 269-292. 
606 1 |a Кибернетика  |x Философские проблемы  |2 stltpush  |3 (RuTPU)RU\TPU\subj\39474  |9 59553 
610 1 |a информатика 
610 1 |a философские проблемы 
610 1 |a интеллект 
610 1 |a творческое мышление 
610 1 |a целеполагание 
610 1 |a машинное мышление 
675 |a 681.5:1  |v 3 
700 1 |a Пушкин  |b В. Г.  |g Владимир Георгиевич 
701 1 |a Урсул  |b А. Д.  |g Аркадий Дмитриевич 
712 0 2 |a Академия наук Молдавской ССР (АН МССР)  |b Отдел философии и права  |2 stltpush  |3 (RuTPU)RU\TPU\col\85 
801 0 |a RU  |b RuMRKP  |c 19950417  |g psbo 
801 1 |a RU  |b 63413507  |c 20140226 
801 2 |a RU  |b 63413507  |c 20140326  |g RCR 
942 |c BK